C.H.P. 1945 yılında halkevleri ve halkodaları (Record no. 402)

MARC details
000 -BAŞLIK
Sabit Uzunlukta Kontrol Alanı 00777na a2200265 4500
001 - KONTROL NUMARASI
Denetim Alanı 22292
003 - KONTROL NUMARASI IDENTIFIER
Denetim Alanı MIRAKIL
005 - SON İŞLEM TARİHİ VE ZAMANI
Denetim Alanı 20181213154748.0
008 - SABİT-BOY VERİ ELEMANLARI - GENEL BİLGİLER
Sabit Uzunlukta Kontrol Alanı 170213b tu 000 0
035 ## - SİSTEM KONTROL NUMARASI
Sistem Kontrol Numarası 18165
040 ## - KATALOGLAMA KAYNAK
Orijinal Kataloglama Ajansı Milas
Kataloglama Dili tur
Metne Dönüştürmek Ajansı TR-AnCHP
041 ## - DİL KODU
Metin / Ses Parça Veya Ayrı Başlığın Dil Kodu tur
082 ## - DEWEY ONLU SINIFLANDIRMA NUMARASI
Sınıflandırma Numarası Halkevleri 366
Ürün Numarası C36b 1947
090 ## - SINIFLAMA NUMARASI
Sınıflama Numarası Halkevleri 366 C36b 1946
110 ## - ANA GİRİŞ - KURUMSAL ADI
Giriş Elemanı Olarak Kurumsal Ad Veya Yargı Alanı Adı Cumhuriyet Halk Partisi (CHP)
245 ## - BAŞLIK TABLOSU
Başlık C.H.P. 1945 yılında halkevleri ve halkodaları
Sorumluluk Tablosu, Vb C. H. P.
246 ## - UNVAN FORM VARYING
Başlık Doğru / Kısa Başlığı 1945 halkevleri ve halkodaları
260 ## - YAYIN, DAĞITIM, VB
Yayın, Dağıtım, Vb Yeri Ankara
Yayıncı, Dağıtıcı, Vs Adı Ulus Basımevi
Yayın, Dağıtım, Vb Tarihi 1946
300 ## - FİZİKSEL TANIM
Kapsam 32 s.
Diğer Fiziksel Ayrıntıları hrt.
Boyutlar 24 sm.
610 ## - KONU KATMA GİRİŞ - TOPLANTI ADI
Giriş Elemanı Olarak Kurumsal Ad Veya Yargı Alanı Adı CHP
Genel Alt Bölüm Halkevleri
650 ## - KONU KATMA GİRİŞ - TOPİKAL DÖNEM
Topikal Süreli Veya Coğrafi Ad Giriş Elemanı Halkevleri
Genel Alt Bölümü Çalışmalar, 1945
650 ## - KONU KATMA GİRİŞ - TOPİKAL DÖNEM
Topikal Süreli Veya Coğrafi Ad Giriş Elemanı Halkodaları
Genel Alt Bölümü Çalışmalar, 1945
942 ## - EKLENDİ GİRİŞ ELEMANLARI (KOHA)
Sınıflandırma Veya Raf Düzeni Kaynak Dewey Decimal Classification
Koha Öğesi Türü Books
999 ## - SİSTEM KONTROL NUMARALARI (KOHA)
Koha Biblionumber 402
Koha Biblioitemnumber 402
Holdings
Kalıcı Konum Mevcut Konum Edinme Tarihi Edinim Kaynak Toplam Check-Out'Lar Tam Çağrı Numarası Barkod Tarih Son Görülme İtibaren Geçerli Fiyatlar Koha Öğesi Türü
CHP Kütüphanesi CHP Kütüphanesi 02/13/2017 Bağış   Halkevleri 366 C36b 1946 016008 02/13/2017 02/13/2017 Books